00411nam a2200169Ia 4500003000400000005001700004008004100021020001500062050002500077100002000102245003900122260003500161300002400196440000600220521000700226526000800233OSt20140311163114.0140130s9999 xx 000 0 und d a0590399624 aPZ 8.3b.R595No 1998 aRocklin, Joanne aNot enough room /cRocklin, Joanne bScholastic,c1998.aNew York : bcol. ill. ;c20 cm. v1 aG3 c580